Statistics for Knights and Dragons Quiz (with a Cartoon)

Click here to take the quiz!

General Stats

  • This quiz has been taken 352 times
    (329 since last reset)
  • The average score is 8 of 13

Answers on the Map

Answers color-coded by a green-red scale on the quiz's map according to % correct below.
 

Answer Stats

LetterHintAnswer% Correct
HOne of Batman's titles{Dark} Knight
90%
TYoda is one example{Jedi} Knight
84%
VInsect that hovers like a helicopterDragonfly
80%
EBurglarized by Bilbo BagginsSmaug
65%
NNational animal of IndonesiaKomodo Dragon
62%
UDragon-killing patron saint of EnglandSaint George
60%
ABefriended and named by HiccupToothless
60%
GFell in love with King Arthur's wifeLancelot
58%
AKnighted writer of "Yesterday"Paul McCartney
48%
EFrolicked in the land of HonaleePuff the Magic Dragon
45%
RCame to Hagrid as an eggNorbert(a)
43%
J.R.R. Tolkien Quote{Never} {laugh} {at} live dragons.
29%
LBloom that resembles a dragon's faceSnapdragon
27%

Score Distribution

Percentile by Number Answered

Percent of People with Each Score

Your Score History

You have not taken this quiz since the last reset